Applied anthropology : an introduction
Αποθηκεύτηκε σε:
| Κύριος συγγραφέας: | |
|---|---|
| Μορφή: | Βιβλίο |
| Γλώσσα: | English |
| Δημοσίευση: |
Massachusetts :
Bergin and Garvey,
1986
|
| Θέματα: | |
| Ετικέτες: |
Προσθήκη ετικέτας
Δεν υπάρχουν, Καταχωρήστε ετικέτα πρώτοι!
|
MARC
| LEADER | 00000nam a2200000 i 4500 | ||
|---|---|---|---|
| 001 | 1/62907 | ||
| 008 | 930922s1986 eng d | ||
| 020 | |a 0-89789-096-5 | ||
| 035 | |a ΛΕΣΒΟΣb10001121 |l 10001121 | ||
| 040 | |a GR-MY-UA |b gre |e aacr | ||
| 041 | 0 | |a eng | |
| 082 | 0 | |a 306 | |
| 100 | 1 | |a Van Willigen, John. | |
| 245 | 1 | 0 | |a Applied anthropology : |b an introduction / |c John van Willigen |
| 260 | |a Massachusetts : |b Bergin and Garvey, |c 1986 | ||
| 300 | |a 259 p. | ||
| 504 | |a Includes bibliographical references and index | ||
| 650 | 0 | 0 | |a Applied anthropology. |
| 852 | |a INST |b LESVOS |e 19930922 |h 306 VAN |p 005100010650 |q 005100010650 |t BK |y 0 | ||
| 909 | |a Λ |b 020388 | ||